| 000 | 01458cam a2200337 a 4500 | ||
|---|---|---|---|
| 001 | 15328424 | ||
| 003 | OSt | ||
| 005 | 20230915134743.0 | ||
| 008 | 080613s2009 ilua b 001 0 eng | ||
| 010 | _a 2008025718 | ||
| 020 | _a9780736074872 (soft cover) | ||
| 020 | _a0736074872 (soft cover) | ||
| 035 | _a(OCoLC)ocn232636443 | ||
| 035 | _a(OCoLC)232636443 | ||
| 040 |
_aDLC _cDLC _dOCLCG _dC#P _dBWX _dDLC |
||
| 043 | _an-us--- | ||
| 050 | 0 | 0 |
_aGV401 _b.S53 2009 |
| 082 | 0 | 0 | _a725.8043 |
| 245 | 0 | 0 |
_aSpace planning guidelines for campus recreational sport facilities / _cNational Intramural-Recreational Sports Association ; Tony Brown, Danell Haines [contributors]. |
| 260 |
_aChampaign, IL : _bHuman Kinetics, _cc2009. |
||
| 300 |
_avii, 127 p. : _bill. ; _c23 cm. |
||
| 504 | _aIncludes bibliographical references (p. 117-119) and index. | ||
| 650 | 0 |
_aSports facilities _xSpace utilization _zUnited States. |
|
| 650 | 0 |
_aSports facilities _zUnited States _xPlanning. |
|
| 650 | 0 |
_aCampus planning _zUnited States. |
|
| 710 | 2 |
_aNational Intramural-Recreational Sports Association (U.S.) _99480 |
|
| 856 | 4 | 1 |
_3Table of contents only _uhttp://www.loc.gov/catdir/toc/ecip0821/2008025718.html |
| 906 |
_a7 _bcbc _corignew _d1 _eecip _f20 _gy-gencatlg |
||
| 942 |
_2ddc _cBK _h725.8043 _iNAT/S _k725.8043 _mNAT/S |
||
| 999 |
_c42486 _d42486 |
||